000 00344 a2200157 4500
001 68729
020 _a8572080198
040 _cAnchieta - Itaigara
100 _aSiguemoto, Regina
240 1 0 _aO peixinho e o sonho
_lpor
245 1 0 _aO peixinho e o sonho
300 _a23
362 0 _a1998
650 4 _aLiteratura infantil
942 _cBK
999 _c68729
_d68729